Vista normal Vista MARC

Entrada Materia (personas)

Número de registros utilizados en: 1

001 - CONTROL NUMBER

  • control field: 96916

003 - CONTROL NUMBER IDENTIFIER

  • control field: Co-BoUCM

005 - DATE AND TIME OF LATEST TRANSACTION

  • control field: 20190606101024.0

008 - FIXED-LENGTH DATA ELEMENTS

  • fixed length control field: 190606|| aca||aabn | a|a d

040 ## - CATALOGING SOURCE

  • Original cataloging agency: Co-BoUCM
  • Transcribing agency: Co-BoUCM

100 ## - HEADING--PERSONAL NAME

  • Personal name: Matin, Jean-Paul

670 ## - SOURCE DATA FOUND

  • Source citation: Work cat.: (Co-BoUCM)312918: Rocard,Michel, et all. 96915, Qu'est-ce que la social-démocratie, 1979